Les finances publiques (notice n° 1557730)
[ vue normale ]
| 000 -LEADER | |
|---|---|
| fixed length control field | 01544cam a2200289zu 4500 |
| 003 - CONTROL NUMBER IDENTIFIER | |
| control field | FRCYB88868322 |
| 005 - DATE AND TIME OF LATEST TRANSACTION | |
| control field | 20251020124637.0 |
| 008 - FIXED-LENGTH DATA ELEMENTS--GENERAL INFORMATION | |
| fixed length control field | 251020s2018 fr | o|||||0|0|||fre d |
| 020 ## - INTERNATIONAL STANDARD BOOK NUMBER | |
| International Standard Book Number | 9782111456440 |
| 035 ## - SYSTEM CONTROL NUMBER | |
| System control number | FRCYB88868322 |
| 040 ## - CATALOGING SOURCE | |
| Original cataloging agency | FR-PaCSA |
| Language of cataloging | fr |
| Transcribing agency | |
| Description conventions | rda |
| 100 1# - MAIN ENTRY--PERSONAL NAME | |
| Personal name | Waserman, Franck |
| 245 01 - TITLE STATEMENT | |
| Title | Les finances publiques |
| Statement of responsibility, etc. | ['Waserman, Franck', 'Collectif'] |
| 264 #1 - PRODUCTION, PUBLICATION, DISTRIBUTION, MANUFACTURE, AND COPYRIGHT NOTICE | |
| Name of producer, publisher, distributor, manufacturer | La Documentation française |
| Date of production, publication, distribution, manufacture, or copyright notice | 2018 |
| 300 ## - PHYSICAL DESCRIPTION | |
| Extent | p. |
| 336 ## - CONTENT TYPE | |
| Content type code | txt |
| Source | rdacontent |
| 337 ## - MEDIA TYPE | |
| Media type code | c |
| Source | rdamdedia |
| 338 ## - CARRIER TYPE | |
| Carrier type code | c |
| Source | rdacarrier |
| 520 ## - SUMMARY, ETC. | |
| Summary, etc. | A l’heure où l’endettement public et les contraintes budgétaires sont devenus l’une des préoccupations économiques majeures, voici un ouvrage essentiel pour comprendre l’actualité, indispensable aux étudiants préparant concours et examens. Une première partie retrace la cadre budgétaire des finances publiques, les grandes questions fiscales, les règles de la comptabilité publique et les modalités de contrôle. La seconde partie présente les finances de l’État, celles des collectivités territoriales, les comptes de la protection sociale et le budget européen. Enfin, cette nouvelle édition augmentée comporte des questions-réponses, des encadrés, des éclairages historiques et internationaux. |
| 650 #0 - SUBJECT ADDED ENTRY--TOPICAL TERM | |
| Topical term or geographic name entry element | |
| 700 0# - ADDED ENTRY--PERSONAL NAME | |
| Personal name | Waserman, Franck |
| 700 0# - ADDED ENTRY--PERSONAL NAME | |
| Personal name | Collectif |
| 856 40 - ELECTRONIC LOCATION AND ACCESS | |
| Access method | Cyberlibris |
| Uniform Resource Identifier | <a href="https://international.scholarvox.com/netsen/book/88868322">https://international.scholarvox.com/netsen/book/88868322</a> |
| Electronic format type | text/html |
| Host name | |
Pas d'exemplaire disponible.




Réseaux sociaux